LEADER 01397nam a2200313 a 4500 001 000000121169 003 CaOOAMICUS 005 20100413100736.0 008 100413s2010 it u000 u ita r 020 $a978-88-15-13432-5 040 $aPUL$bita$dReb 082 04$a320.092 100 1 $aGalli, Carlo.$0(OLS)http://pul/name/2733 245 10$aGenealogia della politica :$bCarl Schmitt e la crisi del pensiero politico moderno /$cCarlo Galli. 260 $aBologna :$bIl Mulino,$c2010. 300 $axlviii, 935 p. ;$c21 cm. 490 1 $aSaggi ;$v725 504 $aBibliografia p. xliii-xlviii. 600 14$aSchmitt, Carl,$d1888-1985$xFilosofia politica.$0(OLS)http://pul/subject/36717 650 4$aFilosofia politica.$0(OLS)http://pul/subject/155 830 0$aSaggi (Il Mulino) ;$v725.$0(OLS)http://pul/title/7843 850 $aPUL 852 $aPUL$W1$xSL Diritto e Scienze Sociali 3$y79$m320. 092 GALCA 1$j138934$qDDC 21$B138173$CPULBib$Z2$F138173 $H113284 $82 941 1 $a9 960 $aFilosofia della politica$9155 996 $6020$a978-88-15-13432-5$9(OLS)http://pul/number/143824 996 $6082$a320.092$9(OLS)http://pul/classification/407 996 $6245$aGenealogia della politica :$bCarl Schmitt e la crisi del pensiero politico moderno$9(OLS)http://pul/title/152390 996 $6260$aBologna :$bIl Mulino$9(OLS)http://pul/publisher/47928 LEADER 01930nam a2200325 a 4500 001 000000129994 003 CaOOAMICUS 005 20120912091658.0 008 120912s2012 vc u000 u ita r 020 $a978-88-209-8823-4 040 $aPUL$bita 082 04$a232.9 110 2 $aConsejo episcopal latinoamericano. Conferenza generale$n(5 :$d2007 :$cAparecida, Brasile).$0(OLS)http://pul/name/83256 245 10$aDiscepoli e missionari di Gesù Cristo affinché in Lui abbiano vita :$bV Conferenza generale dell'Episcopato latino-americano e dei Caraibi, Aparecida, Brasile, 13-31 maggio 2007 : documento conclusivo, traduzione italiana /$ca cura della Pontificia Commissione per l'America Latina. 260 $aCittà del Vaticano :$bLibreria editrice vaticana,$c©2012. 300 $a281 p. ;$c24 cm 500 $aContiene riferimenti bibliografici. 500 $aPretitolo trattato come primo complemento del titolo. 650 4$aMissioni$xCongressi.$0(OLS)http://pul/subject/14745 650 4$aEvangelizzazione$xCongressi.$0(OLS)http://pul/subject/8139 651 4$aAmerica Latina$xEvangelizzazione.$0(OLS)http://pul/subject/29192 710 2 $aPontificia commissione per l'America Latina.$0(OLS)http://pul/name/9830 850 $aPUL 852 $aPUL$W1$xSL Religione 3$y85$m232. 9 CGELA 1$j150540$qDDC 21$B149084$CPULBib$Z2$F149084 $H120225 $82 941 1 $a9 996 $6020$a978-88-209-8823-4$9(OLS)http://pul/number/150457 996 $6082$a232.9$9(OLS)http://pul/classification/575 996 $6245$aDiscepoli e missionari di Gesù Cristo affinché in Lui abbiano vita :$bV Conferenza generale dell'Episcopato latino-americano e dei Caraibi, Aparecida, Brasile, 13-31 maggio 2007 : documento conclusivo, traduzione italiana$9(OLS)http://pul/title/164326 996 $6260$aCittà del Vaticano :$bLibreria editrice vaticana$9(OLS)http://pul/publisher/47920